000 01181cam a2200205 4500
001 ##L134955
008 060913n2006 000 0 eng u
035 _a(Sirsi) u134955
041 0 _aeng
050 0 4 _a696.9 $2 18
110 2 _aRoyal Institution of Chartered Surveyors
_bEducation Trust
_947
245 0 0 _aCombating climate change
_bhow can cities best adapt? A report commissioned for the RICS Education Trust Golden Jubilee
260 _aLondon
_bRICS
_c2006
520 _aSummarises the results of research carried out to consider ways in which carbon emissions from commercial buildings can be reduced. The energy profile of offices in the central business district of Melbourne were analysed and the effects of various energy efficiency strategies were examined (see also L134954 and L134956 for full report).
590 _aIKA190906
651 4 _aMELBOURNE
690 _aENVIRONMENTAL AND LAND CONSULTANCY-ENERGY-ENERGY USE-ENERGY EFFICIENCY
856 4 0 _uhttps://www3.rics.org/Newsroom/Researchandreports/RICSEducationTrust/RICS+Education+Trust+Golden+Jubilee+project+on+climate+change.htm
_zView the item online free of charge at www3.rics.org...
942 _n0
999 _c105861
_d105861